<The> Role of Institutions in Transition Growth <The> East Asian Newly Industrializing Countries

Saved in:
Bibliographic Details
Main Author: Ranis, Gustav
Format: Book
Language:English
Published: New Haven Yale University 1990
Edition:1. ed.
Series:Center Paper No.431
Tags: Add Tag
No Tags, Be the first to tag this record!

MARC

LEADER 00000nam a2200000 4500
001 c034015
005 20221215114410.9
041 0 |a eng 
044 |a US 
245 1 0 |a <The> Role of Institutions in Transition Growth  |b <The> East Asian Newly Industrializing Countries  |c Gustav Ranis 
250 |a 1. ed. 
264 1 |a New Haven  |b Yale University  |c 1990 
300 |a S.1443-1453 
490 1 |a Center Paper  |v No.431 
830 0 |a Center Paper  |v No.431 
100 1 |a Ranis, Gustav